LEADER 01172nam a2200241 i 4500 001 000000181727 003 CaOOAMICUS 005 20090917000000.0 008 090917s1961 it u000 u lat u 013 $a159632 040 $aSeMil$bita 100 1 $aChaine, Marius.$0(OLS)http://semarc/name/9845 245 10$aVersio series prima, tomus 7. 300 $a68 p. 490 0 $aCorpus Scriptorum Christianorum Orientalium ;$v40. Scriptores Aethiopici ; 23 490 0 $aCorpus Scriptorum Christianorum Orientalium. Scriptores Aethiopici ;$v23 773 0 $aChaine, Marius$tApocrypha de B. Maria Virgine.$dLouvain : CorpusSCO, 1961-1962.$kCorpus Scriptorum Christianorum Orientalium. Scriptores Aethiopici$w()22024 830 0$aCorpus Scriptorum Christianorum Orientalium ;$v40. Scriptores Aethiopici ; 23.$0(OLS)http://semarc/title/77 830 0$aCorpus Scriptorum Christianorum Orientalium. Scriptores Aethiopici ;$v23.$0(OLS)http://semarc/title/20661 850 $aSeMil 852 $aSeMil$W1$xVenegono$y1$m2S III 40$j132431$B132431$CSeMilBibl$Z2$F144300 $81 961 $aOmaggio: Altro 996 $6245$aVersio series prima, tomus 7$9(OLS)http://semarc/title/260811 LEADER 01035nam a2200241 i 4500 001 000000086012 003 CaOOAMICUS 005 20020605000000.0 008 020605s1947 it u000 u ita u 013 $a58252 040 $aSeMil$bita 100 1 $aTrotskij, Leone.$0(OLS)http://semarc/name/39739 245 10$aStalin /$cLeone Trotskij. 260 $aMilano :$bGarzanti,$c1947. 300 $a639 p. ;$c22 cm. 490 0 $aMemorie e documenti 500 $aTitolo originale : Stalin. - Contiene : Appendice ; Guida cronologica ; Stalin ; Congressi del Partito Comunista. - In Appendice : Tre concetti della rivoluzione russa. 600 04$aStalin .$0(OLS)http://semarc/subject/6375 830 0$aMemorie e documenti.$0(OLS)http://semarc/title/7193 850 $aSeMil 852 $aSeMil$W1$xVenegono$y1$m60 22 1 *$j49809$B49809$CSeMilBibl$Z2$F53611 $81 996 $6245$aStalin$9(OLS)http://semarc/title/48323 996 $6260$aMilano :$bGarzanti$9(OLS)http://semarc/publisher/29852